00522nam a22001457a 4500003000400000005001700004008004100021040001400062100003000076245009100106260001000197300002800207500010900235504003200344OSt20171010095432.0120508t xxu||||| |||| 00| 0 eng d aMMSUcULS aAntonio, Eva Rona May T.  aEffects of display advertisements among MMSU college studentscEva Rona May T. Antonio c2009  axi, 48 leaves c28 cm.  aThesis (AB English Studies) -- Mariano Marcos State University-College of Arts and Sciences, Batac City  aBibliography: leaves 41-42